La pintura en la India / (Record no. 186955)

MARC details
000 -LEADER
campo de control de longitud fija 00824nam a2200253 i 4500
001 - NÚMERO DE CONTROL
campo de control 186955
003 - IDENTIFICADOR DE NÚMERO DE CONTROL
campo de control SpMaBN
005 - FECHA Y HORA DE LA ÚLTIMA TRANSACCIÓN
campo de control 20250815140638.0
008 - DATOS DE LONGITUD FIJA--INFORMACIÓN GENERAL
campo de control de longitud fija 170308s1962 sp a |||| | spa d
080 ## - NÚMERO DE LA CLASIFICACIÓN DECIMAL UNIVERSAL
Número de la Clasificación Decimal Universal 75(54)(091)
100 1# - ENTRADA PRINCIPAL--NOMBRE DE PERSONA
Nombre de persona Rawson, Philip.
9 (RLIN) 160163
245 13 - MENCIÓN DEL TÍTULO
Título La pintura en la India /
Mención de responsabilidad, etc. Philip S. Rawson ; traducción de Elizabeth Mulder.
260 ## - PUBLICACIÓN, DISTRIBUCIÓN, ETC.
Lugar de publicación, distribución, etc. Barcelona :
Nombre del editor, distribuidor, etc. Garriga,
Fecha de publicación, distribución, etc. [1962]
300 ## - DESCRIPCIÓN FÍSICA
Extensión 167 p., [4] p. de lám. :
Otras características físicas il. col. ;
Dimensiones 24 cm.
490 1# - MENCIÓN DE SERIE
Mención de serie Colección "Pictura" ;
Designación de volumen o secuencia 14
500 ## - NOTA GENERAL
Nota general Índice.
504 ## - NOTA DE BIBLIOGRAFÍA, ETC.
Nota de bibliografía, etc. Bibliografía: p. 162-164.
599 ## - NOTA A LAS ILUSTRACIONES
NOTA A LAS ILUSTRACIONES Con lám. col. adheridas.
650 #7 - PUNTO DE ACCESO ADICIONAL DE MATERIA--TÉRMINO DE MATERIA
Término de materia o nombre geográfico como elemento de entrada Pintura india
Fuente del encabezamiento o término embne
9 (RLIN) 157147
700 1# - ENTRADA AGREGADA--NOMBRE PERSONAL
Nombre de persona Mulder, Elisabeth.
9 (RLIN) 84098
830 0# - PUNTO DE ACCESO ADICIONAL DE SERIE-TÍTULO UNIFORME
Título uniforme Colección "Pictura" ;
Designación de volumen o secuencia 14
9 (RLIN) 192706
852 ## - LOCALIZACIÓN
Ubicación ES-MaACL
Número de control de estantería L-31196
Nota libre - enc. tela
Holdings
Estatus retirado Estado de pérdida Estado de daño No para préstamo Biblioteca de origen Biblioteca actual Ubicación en estantería Fecha de adquisición Fuente de adquisición Total de préstamos Signatura topográfica completa Código de barras Visto por última vez Precio de reemplazo Tipo de ítem Koha
        Biblioteca del Ateneo de Madrid Biblioteca del Ateneo de Madrid Depósito 2 08/03/2017     L-31196 1197209 23/02/2023 23/02/2023 Libro impreso